| 000 | 03294nam a22004577a 4500 | ||
|---|---|---|---|
| 001 | BRCA_9232 | ||
| 003 | FranzMayer | ||
| 005 | 20220921134824.0 | ||
| 008 | 220914b |||||||| |||| 00| 0 eng d | ||
| 020 | _a9786073049221 | ||
| 040 |
_bspa _cMFM |
||
| 041 | _aspa | ||
| 050 |
_aF1230. _bE586 2021 |
||
| 245 |
_aEn torno a la conquista : _bvisiones recientes |
||
| 260 |
_aCiudad de México : _bUniversidad Nacional Autónoma de México, Instituto de Investigaciones Filológicas, _c2021 |
||
| 300 |
_a343 pp. : _bil. fot. map. ; _c17 x 22.5 cm. |
||
| 490 |
_aEdiciones especiales _v122 |
||
| 500 | _aUbicación: L60-N1 | ||
| 500 | _aIncluye imágenes de la Colección Museo Franz Mayer (segundo Biombo entre pp. 318-319) | ||
| 505 |
_tPresentación / _rAurora Díez-Canedo F. |
||
| 505 |
_tLa figura de Hernán Cortés en la geopolítica del Renacimiento / _rAscensión Hernández Triviño |
||
| 505 |
_tHernán Cortés: redes epistolares / _rMaría del Carmen Martínez Martínez |
||
| 505 |
_tLas instrucciones del cabildo de la Villa Rica de la Veracruz a los procuradores / _rRodrigo Martínez Baracs |
||
| 505 |
_tCambios y persistencias en la vida cotidiana de los chontales de Tabasco antes y después del recorrido de Cortés en 1524 / _rMiriam Judith Gallegos Gómora y Ricardo Armijo Torres |
||
| 505 |
_tLas cuencas bajas de los ríos Grijalva y Dos Bocas en Tabasco según los mapas indígenas, la Relación de Hernán Cortés (1524-1525) y el mapa de Tomás López (1783) / _rFlora L. I. Salazar Ledesma |
||
| 505 |
_tLos diferentes grupos mayas y el capitán Cortés / _rJosé Manuel A. Chávez Gómez |
||
| 505 |
_tDigo Velázquez, el despojado / _rMaría del Carmen León Cázares |
||
| 505 |
_tMano derecha: Pedro de Alvarado, Hernán Cortés y la conquista de México / _rW. George Lovell |
||
| 505 |
_tLos méritos de la lengua. Rememoraciones de Jerónimo de Aguilar, primer intérprete de Hernán Cortés / _rCarlos Conover Blancas |
||
| 505 |
_tHuanitzin, gobernante de Ecatepec y acompañante de Cortés / _rMaría de Guadalupe Suárez Castro |
||
| 505 |
_tImagen y poder. El escudo de armas de Hernán Cortés / _rMiguel Soto |
||
| 505 |
_tMiradas comparativas entre los biombos de la conquista / _rVerónica Volkow Fernández |
||
| 520 | _aSe reúnen aquí doce trabajos de investigación de especialistas en temas relacionados con la conquista de México. Enfoques o "visiones" desde distintas disciplinas integran y estructuran el presente volumen donde se complementan la investigación de historiadores en archivos de México y de Europa, el trabajo de campo de arqueólogos y etnohistoriadores, y la lectura de los textos y crónicas canónicas sobre esta temática y de documentos poco conocidos o inéditos, mediante interpretaciones nuevas que aportan conocimientos y matices enriquecedores. - Proporcionado por la editorial. | ||
| 600 |
_aCortés, Hernán, _d1485-1547 _928561 |
||
| 650 |
_aConquistadores _xHistoria _zMéxico _928562 |
||
| 651 |
_aMéxico _xHistoria _xConquista, 1519-1540 _928563 |
||
| 700 |
_aChávez Gómez, José M. _ecoord. _q(José Manuel) _928564 |
||
| 700 |
_aDíez Canedo, Aurora _ecoord. y ed. _928565 |
||
| 942 |
_2lcc _cB |
||
| 999 |
_c10851 _d10851 |
||